Govt. of
Madhya Pradesh

Normal view MARC view

Entry Topical Term

Number of records used in: 1

001 - CONTROL NUMBER

  • control field: 83081

003 - CONTROL NUMBER IDENTIFIER

  • control field: OSt

005 - DATE AND TIME OF LATEST TRANSACTION

  • control field: 20250403131444.0

008 - FIXED-LENGTH DATA ELEMENTS

  • fixed length control field: 250403|| aca||aabn | a|a d

040 ## - CATALOGING SOURCE

  • Original cataloging agency: OSt
  • Transcribing agency: OSt

150 ## - HEADING--TOPICAL TERM

  • Topical term or geographic name entry element: Physice

670 ## - SOURCE DATA FOUND

  • Source citation: Work cat.: (OSt)67853: Raj,Dr Manish 83080, OBJECTIVE NCERT PUNCH BOOK FOR NTA NEET 2025 4500+ NTA like MCQs extracted from NCERT line by line NEET 2024 SOLVED PAPER INCLUDED PHYSICS, 2024